New products and diversification / (Record no. 76042)
[ view plain ]
| 000 -LEADER | |
|---|---|
| fixed length control field | 00847cam a2200277 4500 |
| 001 - CONTROL NUMBER | |
| control field | 76042 |
| 003 - CONTROL NUMBER IDENTIFIER | |
| rucl marc code | BD-RjUL |
| 005 - DATE AND TIME OF LATEST TRANSACTION | |
| control field | 20211209082759.0 |
| 008 - FIXED-LENGTH DATA ELEMENTS--GENERAL INFORMATION | |
| fixed length control field | 700813s1970 njua b 001 0 eng |
| 035 ## - SYSTEM CONTROL NUMBER | |
| System control number | (BD-RjUL) 76261 |
| 040 ## - CATALOGING SOURCE | |
| Original cataloging agency | DLC |
| Transcribing agency | DLC |
| Modifying agency | DLC |
| Language of cataloging | eng |
| 041 ## - LANGUAGE CODE | |
| Language code of text/sound track or separate title | eng |
| 082 00 - DEWEY DECIMAL CLASSIFICATION NUMBER | |
| Classification number | 658.57 |
| Edition number | 23 |
| Author mark and year | KRN 1970 |
| 100 1# - MAIN ENTRY--PERSONAL NAME | |
| Personal name | Kraushar, Peter M. |
| Fuller form of name | (Peter Maximilian) |
| 9 (RLIN) | 233739 |
| 245 10 - TITLE STATEMENT | |
| Title | New products and diversification / |
| Statement of responsibility, etc. | [by] Peter M. Kraushar. |
| 260 ## - PUBLICATION, DISTRIBUTION, ETC. (IMPRINT) | |
| Place of publication, distribution, etc. | Princeton [N.J.] : |
| Name of publisher, distributor, etc. | Brandon/Systems Press |
| Date of publication, distribution, etc. | [1970] |
| 300 ## - PHYSICAL DESCRIPTION | |
| Pagination | x, 213 p. ; |
| Illustrations | ill. ; |
| Size | 22 cm. |
| 350 ## - PRICE (NR) (BK AM CF MU VM SE) [OBSOLETE] | |
| Price | 8.95 |
| 504 ## - BIBLIOGRAPHY, ETC. NOTE | |
| Bibliography, etc | Includes bibliographical references. |
| 650 #0 - SUBJECT ADDED ENTRY--TOPICAL TERM | |
| Topical term or geographic name as entry element | New products. |
| 9 (RLIN) | 233740 |
| Topical term or geographic name as entry element | Product management. |
| 9 (RLIN) | 233741 |
| 906 ## - LOCAL DATA ELEMENT F, LDF (RLIN) | |
| a | 7 |
| b | cbc |
| c | orignew |
| d | 2 |
| e | ncip |
| f | 19 |
| g | y-gencatlg |
| 942 ## - ADDED ENTRY ELEMENTS (KOHA) | |
| Source of classification or shelving scheme | Dewey Decimal Classification |
| Koha item type | Books |
| Lost status | Source of classification or shelving scheme | Damaged status | Not for loan | Collection code | Permanent Location | Current Location | Shelving location | Date acquired | Source of acquisition | Cost, normal purchase price | Total Checkouts | Full call number | Date last seen | Copy number | Koha item type |
|---|---|---|---|---|---|---|---|---|---|---|---|---|---|---|---|
| Dewey Decimal Classification | Not For Loan | Non-fiction | Central Library, University of Rajshahi | Central Library, University of Rajshahi | Reading Room | 21/06/1982 | Standard pub | 238.80 | 658.57 KRN 1970 | 15/10/2019 | C-1 | Books |